000 00829cam a22002894a 4500
003 OSt
005 20251117104111.0
008 060106s2007 njua b 001 0 eng
020 _a9788173716058
040 _cSTCPL
041 _aENG
082 0 0 _a005.133
_bELL-F
100 1 _aHorowitz, Ellis
100 1 _aSahni, Sartaj
100 1 _aMehta, Dinesh P.
245 1 0 _aFundamentals of data structures in C /
_cby Ellis Horowitz, Sartaj Sahni and Dinesh Mehta
250 _a2nd ed.
260 _aHyderabad :
_bUniversities Press (India) Private Limited ,
_cc2007.
300 _a617 p.
_bPB
650 0 _aComputer science
650 0 _aProgramming languages
650 0 _aC++ (Computer program language)
650 0 _aData structures (Computer science)
942 _cBK
942 _2ddc
942 _2ddc
999 _c87354
_d87354